[Event "PRO League Group Stage"]
[Site "chess.com INT"]
[Date "2019.01.08"]
[Round "1"]
[White "Royal, Shreyas"]
[Black "Caruana, Fabiano"]
[Result "0-1"]
[WhiteTitle "CM"]
[BlackTitle "GM"]
[WhiteElo "1892"]
[BlackElo "2828"]
[WhiteTeam "London Lions"]
[BlackTeam "Saint Louis Arch Bishops"]
[WhiteFideId "448869"]
[BlackFideId "2020009"]
[EventDate "2019.01.08"]

1. d4 Nf6 2. c4 Nc6 3. Nf3 e6 4. g3 Bb4+ 5. Bd2 Qe7 6. Nc3 O-O 7. Bg2 d5 8. cxd5
exd5 9. O-O a5 10. Rc1 Bg4 11. Bg5 Bxc3 12. bxc3 h6 13. Bf4 Rad8 14. Re1 Ne4 15.
Ne5 Nxe5 16. Bxe5 Be6 17. c4 c6 18. c5 f6 19. Bf4 g5 20. Bxe4 dxe4 21. Bd6 Rxd6
22. cxd6 Qxd6 23. Qd2 b6 24. Red1 Bd5 25. e3 f5 26. Rb1 Qc7 27. Qb2 b5 28. Rbc1
Qd7 29. Qc3 b4 30. Qd2 f4 31. Rc5 Qh3 32. Qe2 a4 33. Rdc1 b3 34. axb3 axb3 35.
Rxc6 f3 36. Qf1 Qxf1+ 37. Kxf1 Bxc6 38. Rxc6 b2 39. Rb6 Rc8 0-1

[Event "PRO League Group Stage"]
[Site "chess.com INT"]
[Date "2019.01.08"]
[Round "1"]
[White "Tan, Justin2"]
[Black "So, Wesley"]
[Result "0-1"]
[WhiteTitle "GM"]
[BlackTitle "GM"]
[WhiteElo "2502"]
[BlackElo "2765"]
[WhiteTeam "London Lions"]
[BlackTeam "Saint Louis Arch Bishops"]
[WhiteFideId "3206882"]
[BlackFideId "5202213"]
[EventDate "2019.01.08"]

1. e4 e6 2. d4 d5 3. Nd2 Be7 4. e5 c5 5. c3 cxd4 6. cxd4 Qb6 7. Ndf3 Bd7 8. Bd3
Bb5 9. Bc2 Nc6 10. a3 Qa6 11. Be3 Bf1 12. Nd2 Bxg2 13. Qg4 Bxh1 14. Qxg7 Nb4 15.
Rc1 Nxc2+ 16. Rxc2 Qd3 17. Qxh8 Kd7 18. Rc3 Qg6 19. Ne2 Re8 20. Nf4 Qg1+ 21. Nf1
Nf6 22. f3 Qxe3+ 23. Rxe3 Rxh8 24. exf6 Bxf6 25. Rd3 Bg5 26. Nh3 Bh4+ 27. Ng3
Rc8 28. Kd2 Bg2 29. Nf4 Bg5 30. Ne2 Bf1 31. Rc3 0-1

[Event "PRO League Group Stage"]
[Site "chess.com INT"]
[Date "2019.01.08"]
[Round "1"]
[White "Niemann, Hans"]
[Black "Movsesian, Sergei"]
[Result "1-0"]
[WhiteTitle "IM"]
[BlackTitle "GM"]
[WhiteElo "2466"]
[BlackElo "2629"]
[WhiteTeam "Saint Louis Arch Bishops"]
[BlackTeam "London Lions"]
[WhiteFideId "2093596"]
[BlackFideId "310204"]
[EventDate "2019.01.08"]

1. d4 Nf6 2. c4 e6 3. Nf3 d5 4. Nc3 Bb4 5. Qa4+ Nc6 6. Bg5 h6 7. Bxf6 Qxf6 8. e3
O-O 9. Rc1 Rd8 10. cxd5 exd5 11. Bb5 a5 12. a3 Bf8 13. Ne2 Bg4 14. Nd2 Bxe2 15.
Kxe2 Rd6 16. Nf3 Qg6 17. h3 Rf6 18. Rhg1 Rb8 19. Bd3 Qh5 20. g4 Qxh3 21. Rg3
Rxf3 22. Rxh3 Rxh3 23. Qb5 Re8 24. Qxd5 Bd6 25. Bb5 Rh4 26. Bxc6 bxc6 27. Qf3
Rb8 28. Rc2 Rb6 29. Qf5 g6 30. Qc8+ Kg7 31. e4 Rb5 32. e5 Bf8 33. Qxc7 Rxg4 34.
Qxc6 Rb8 35. Qf6+ Kg8 36. Rc7 1-0

[Event "PRO League Group Stage"]
[Site "chess.com INT"]
[Date "2019.01.08"]
[Round "1"]
[White "Rosenthal, Nicholas"]
[Black "Edouard, Romain"]
[Result "0-1"]
[BlackTitle "GM"]
[WhiteElo "2180"]
[BlackElo "2643"]
[WhiteTeam "Saint Louis Arch Bishops"]
[BlackTeam "London Lions"]
[WhiteFideId "2045150"]
[BlackFideId "633429"]
[EventDate "2019.01.08"]

1. e4 c5 2. Nf3 d6 3. Bb5+ Nd7 4. d4 cxd4 5. Qxd4 e5 6. Qd3 h6 7. O-O Nf6 8. Be3
Be7 9. Nc3 O-O 10. Rfd1 a6 11. Bc4 b5 12. Bd5 Rb8 13. a3 Nb6 14. Nd2 Nfxd5 15.
Nxd5 Nxd5 16. Qxd5 Be6 17. Qd3 Kh8 18. Nf1 f5 19. f3 Qc7 20. Bf2 f4 21. Nd2 Rbd8
22. a4 d5 23. axb5 dxe4 24. Qxe4 axb5 25. Ra7 Qd6 26. Re1 Bf6 27. Nb3 Bxb3 28.
cxb3 Qd2 29. Rb7 Qxb2 30. Rxb5 Rd2 31. Rf1 Bh4 32. Qe1 Re2 33. Bxh4 Rxg2+ 0-1

[Event "PRO League Group Stage"]
[Site "chess.com INT"]
[Date "2019.01.08"]
[Round "1"]
[White "Yip, Carissa"]
[Black "Demchenko, Anton"]
[Result "1-0"]
[WhiteTitle "FM"]
[BlackTitle "GM"]
[WhiteElo "2279"]
[BlackElo "2679"]
[WhiteTeam "Montclair Sopranos"]
[BlackTeam "New York Marshalls"]
[WhiteFideId "2090732"]
[BlackFideId "4160258"]
[EventDate "2019.01.08"]

1. e4 e5 2. Nf3 Nc6 3. d4 exd4 4. Bc4 Nf6 5. e5 Ne4 6. Qe2 Nc5 7. O-O Ne6 8. Rd1
d5 9. exd6 Bxd6 10. c3 O-O 11. cxd4 Re8 12. Be3 Nf4 13. Qd2 Qf6 14. Ne1 Bg4 15.
f3 Bh5 16. Nc3 Bg6 17. Nb5 Ne6 18. Nxd6 cxd6 19. d5 Ne5 20. Bb5 Nf8 21. Bxe8
Rxe8 22. Bd4 Qh4 23. f4 Ned7 24. Nf3 Qd8 25. Re1 Re4 26. Ng5 Rxe1+ 27. Rxe1 h6
28. Nf3 Nb6 29. Qa5 Qb8 30. Bxb6 axb6 31. Qxb6 Nd7 32. Qe3 Nf6 33. Nd4 Qa8 34.
f5 Bh7 35. Qa3 Qd8 36. Qb3 Qc7 37. Kh1 Kh8 38. a4 Qc5 39. Nf3 Bxf5 40. Qxb7 Be4
41. Qxf7 Bxd5 42. Qf8+ Kh7 43. Re7 Qc1+ 44. Ng1 Qg5 45. Re2 Ng4 46. h3 Ne5 47.
Qxd6 Nd3 48. Rd2 Nf4 49. Nf3 Bxf3 50. gxf3 Qg3 51. a5 Qxf3+ 52. Kg1 Qg3+ 53. Kf1
Qxh3+ 54. Ke1 Qh1+ 55. Kf2 Qh2+ 56. Ke3 Qg3+ 57. Ke4 g5 58. Qe7+ Kg6 59. Qe8+
Kf6 60. Rd6+ Kg7 61. Qe7+ Kg8 62. Rd8# 1-0

[Event "PRO League Group Stage"]
[Site "chess.com INT"]
[Date "2019.01.08"]
[Round "1"]
[White "Barbosa, Oliver"]
[Black "Azarov, Sergei"]
[Result "1/2-1/2"]
[WhiteTitle "GM"]
[BlackTitle "GM"]
[WhiteElo "2552"]
[BlackElo "2575"]
[WhiteTeam "Montclair Sopranos"]
[BlackTeam "New York Marshalls"]
[WhiteFideId "5201640"]
[BlackFideId "13501470"]
[EventDate "2019.01.08"]

1. d4 Nf6 2. Bg5 d5 3. e3 Nbd7 4. Nf3 e6 5. Be2 Be7 6. O-O O-O 7. c4 b6 8. cxd5
Nxd5 9. Bxe7 Qxe7 10. Qa4 c5 11. Rc1 Bb7 12. Ba6 Bxa6 13. Qxa6 cxd4 14. Nxd4 Nc5
15. Qe2 e5 16. Nb3 Ne6 17. Nc3 Rad8 18. Nxd5 Rxd5 19. Rd1 Rfd8 20. Rxd5 Rxd5 21.
Rd1 Qd7 22. Rxd5 Qxd5 23. h4 g6 24. Qc2 Kg7 25. Qc3 h5 26. a3 Kg8 27. Qc8+ Kh7
28. Qc2 Kg7 29. Qc3 Kg8 30. Qc8+ Kg7 31. Qc3 Kg8 32. Qc8+ Kg7 33. Qc3 Kg8 34.
Qc8+ Kg7 35. Qc3 1/2-1/2

[Event "PRO League Group Stage"]
[Site "chess.com INT"]
[Date "2019.01.08"]
[Round "1"]
[White "Xu, Grant"]
[Black "Lenderman, Aleksandr"]
[Result "0-1"]
[BlackTitle "GM"]
[WhiteElo "2207"]
[BlackElo "2637"]
[WhiteTeam "New York Marshalls"]
[BlackTeam "Montclair Sopranos"]
[WhiteFideId "2052318"]
[BlackFideId "2021285"]
[EventDate "2019.01.08"]

1. e4 e6 2. d4 d5 3. Bd3 dxe4 4. Bxe4 Nf6 5. Bf3 c5 6. Ne2 Nc6 7. c3 Be7 8. O-O
O-O 9. Bg5 Qb6 10. Qc2 cxd4 11. Bxc6 dxc3 12. Nbxc3 Qxc6 13. Rad1 b6 14. Nd4 Qb7
15. Rfe1 h6 16. Bh4 Rd8 17. h3 Bd7 18. Nf5 Bc6 19. Nxe7+ Qxe7 20. Qe2 Rxd1 21.
Rxd1 Rd8 22. Rxd8+ Qxd8 23. Qe5 g5 24. Bg3 Nh5 25. Qb8 Qxb8 26. Bxb8 a6 27. a4
Nf4 28. h4 Nxg2 29. hxg5 hxg5 30. Bc7 Nf4 31. Bxb6 Nd3 32. b3 f6 33. Kf1 e5 34.
Be3 Bf3 35. a5 Kf7 36. Na4 Bd5 37. Nc5 Nxc5 38. Bxc5 Bxb3 39. Bb6 Bd5 40. Ke2 g4
41. Bc7 Ke6 42. Kf1 f5 43. Kg1 f4 44. Kf1 Kf5 45. Bb8 Bc4+ 46. Kg1 Be2 47. Bc7
Bd3 48. Bb8 Bb5 49. Bc7 Bc6 50. Kf1 e4 51. Ke1 Bb5 52. Kd2 g3 53. fxg3 e3+ 54.
Ke1 f3 55. g4+ Kxg4 56. Bg3 Kxg3 0-1

[Event "PRO League Group Stage"]
[Site "chess.com INT"]
[Date "2019.01.08"]
[Round "1"]
[White "Khamrakulov, Djurabek"]
[Black "Firouzja, Alireza"]
[Result "1/2-1/2"]
[WhiteTitle "GM"]
[BlackTitle "GM"]
[WhiteElo "2503"]
[BlackElo "2618"]
[WhiteTeam "New York Marshalls"]
[BlackTeam "Montclair Sopranos"]
[WhiteFideId "14201143"]
[BlackFideId "12573981"]
[EventDate "2019.01.08"]

1. e4 c5 2. c3 Nf6 3. e5 Nd5 4. Nf3 Nc6 5. d4 cxd4 6. cxd4 d6 7. Bc4 dxe5 8.
dxe5 Ndb4 9. Qxd8+ Nxd8 10. Na3 Be6 11. Bxe6 Nxe6 12. Ke2 g6 13. Rd1 Bg7 14. Bd2
Nc6 15. Bc3 g5 16. Nb5 a6 17. Nbd4 g4 18. Nh4 Nexd4+ 19. Bxd4 Rd8 20. Bc3 Rxd1
21. Rxd1 Bxe5 22. Bxe5 Nxe5 23. Nf5 e6 24. Ne3 Ke7 25. Rd4 h5 26. Rb4 b5 27. a4
Nc6 28. Re4 Kd6 29. axb5 axb5 30. Nc2 Ra8 31. Na3 Kc5 32. Kd3 b4 33. Nc2 Rd8+
34. Ke3 e5 35. b3 f5 36. Rc4+ Kb5 37. Ke2 Ra8 38. Kd3 Rd8+ 39. Ke2 Rg8 40. Kd3
h4 41. g3 hxg3 42. hxg3 Rd8+ 43. Ke2 Rh8 44. Kd3 Rh2 45. Ke2 Rh1 46. Kd2 Rb1 47.
Rxb4+ Nxb4 48. Na3+ Kc5 49. Nxb1 Nc6 50. Kc3 Nd4 51. Nd2 Kd5 52. Kd3 f4 53. Ne4
Nxb3 54. Nf6+ Ke6 55. Nxg4 fxg3 1/2-1/2

[Event "PRO League Group Stage"]
[Site "chess.com INT"]
[Date "2019.01.08"]
[Round "1"]
[White "Caruana, Fabiano"]
[Black "Tan, Justin2"]
[Result "1-0"]
[WhiteTitle "GM"]
[BlackTitle "GM"]
[WhiteElo "2828"]
[BlackElo "2502"]
[WhiteTeam "Saint Louis Arch Bishops"]
[BlackTeam "London Lions"]
[WhiteFideId "2020009"]
[BlackFideId "3206882"]
[EventDate "2019.01.08"]

1. e4 e5 2. Nf3 Nc6 3. Bc4 Bc5 4. O-O Nf6 5. d3 O-O 6. h3 h6 7. a4 a5 8. Re1 d6
9. c3 Be6 10. Bxe6 fxe6 11. Nbd2 Qe8 12. Nf1 Ne7 13. Ng3 Ng6 14. d4 exd4 15.
cxd4 Bb4 16. Bd2 Bxd2 17. Qxd2 b6 18. Qc2 Qf7 19. Rac1 Rac8 20. e5 dxe5 21. Nxe5
Nxe5 22. Rxe5 Nd5 23. Rce1 Nb4 24. Qd2 Qf4 25. R1e3 Rcd8 26. R5e4 Qf7 27. Rxe6
c5 28. Re7 Rxd4 29. Qe2 Qg6 30. Nh5 Qd6 31. Rxg7+ Kh8 32. Reg3 Nd3 33. R7g6 Nf4
34. Qe5+ Qxe5 35. Rxh6# 1-0

[Event "PRO League Group Stage"]
[Site "chess.com INT"]
[Date "2019.01.08"]
[Round "1"]
[White "So, Wesley"]
[Black "Royal, Shreyas"]
[Result "1-0"]
[WhiteTitle "GM"]
[BlackTitle "CM"]
[WhiteElo "2765"]
[BlackElo "1892"]
[WhiteTeam "Saint Louis Arch Bishops"]
[BlackTeam "London Lions"]
[WhiteFideId "5202213"]
[BlackFideId "448869"]
[EventDate "2019.01.08"]

1. c4 Nf6 2. Nc3 g6 3. e4 d6 4. d4 Bg7 5. h3 O-O 6. Be3 e5 7. d5 Nbd7 8. Nf3 b6
9. Be2 a5 10. Nd2 Nc5 11. g4 Nfd7 12. h4 f5 13. gxf5 gxf5 14. exf5 Rxf5 15. Qc2
Nf8 16. O-O-O a4 17. Rdg1 Kh8 18. h5 Rf7 19. h6 Bf6 20. Bh5 Re7 21. Nde4 Nfd7
22. Bg4 Ba6 23. Bxc5 bxc5 24. Nxa4 Rf7 25. Be6 Rf8 26. Rg7 Bxg7 27. hxg7+ Kxg7
28. Bxd7 Bxc4 29. Nexc5 Qg5+ 30. Kb1 Qg6 31. Ne6+ Kf6 32. Qxg6+ hxg6 33. Nxf8
Rxf8 34. Nc3 Kg7 35. Rh2 Rf3 36. Bg4 Rd3 37. Kc2 Rd4 38. Bf3 Bd3+ 39. Kc1 e4 40.
Rh4 1-0

[Event "PRO League Group Stage"]
[Site "chess.com INT"]
[Date "2019.01.08"]
[Round "1"]
[White "Edouard, Romain"]
[Black "Niemann, Hans"]
[Result "1-0"]
[WhiteTitle "GM"]
[BlackTitle "IM"]
[WhiteElo "2643"]
[BlackElo "2466"]
[WhiteTeam "London Lions"]
[BlackTeam "Saint Louis Arch Bishops"]
[WhiteFideId "633429"]
[BlackFideId "2093596"]
[EventDate "2019.01.08"]

1. d4 d5 2. c4 c6 3. Nf3 Nf6 4. Nc3 dxc4 5. a4 Bf5 6. Ne5 Nbd7 7. Nxc4 e6 8. f3
Bb4 9. e4 Bg6 10. Bg5 h6 11. Bh4 Be7 12. e5 Nd5 13. Nd6+ Kf8 14. Bxe7+ Qxe7 15.
Nxd5 exd5 16. f4 Be4 17. Qd2 Rd8 18. Bd3 Bxd3 19. Qxd3 Nxe5 20. fxe5 Rxd6 21.
O-O Re6 22. Rf3 Ke8 23. a5 a6 24. Raf1 Rf8 25. Rg3 f6 26. Rgf3 Kd8 27. h3 Kc8
28. Kh1 Kb8 29. Qd2 Ka7 30. Qf2 Qb4 31. Qg3 Qe7 32. Qf2 Re8 33. exf6 gxf6 34.
Rxf6 Re2 35. Qg3 Rxb2 36. Rxh6 Qb4 37. Qg7 Re1 38. Rxe1 Qxe1+ 39. Kh2 Rb1 40.
Rh8 Qg1+ 41. Kg3 Qe3+ 42. Kh4 Qf4+ 43. g4 Rb3 44. Qe5 Qf2+ 45. Kg5 Qd2+ 46. Kg6
Qxa5 47. Qb8+ Kb6 48. Rh7 Qd2 49. Qxb7+ Ka5 50. Qxb3 Qxd4 51. Re7 1-0

[Event "PRO League Group Stage"]
[Site "chess.com INT"]
[Date "2019.01.08"]
[Round "1"]
[White "Movsesian, Sergei"]
[Black "Rosenthal, Nicholas"]
[Result "1-0"]
[WhiteTitle "GM"]
[WhiteElo "2629"]
[BlackElo "2180"]
[WhiteTeam "London Lions"]
[BlackTeam "Saint Louis Arch Bishops"]
[WhiteFideId "310204"]
[BlackFideId "2045150"]
[EventDate "2019.01.08"]

1. e4 e6 2. d4 d5 3. e5 c5 4. c3 Qb6 5. Nf3 Bd7 6. Be2 Bb5 7. dxc5 Bxc5 8. O-O
Bxe2 9. Qxe2 Nc6 10. a4 Rc8 11. b4 Bf8 12. a5 Qc7 13. Na3 a6 14. Bd2 Nge7 15. c4
dxc4 16. b5 Nb8 17. Rfc1 Qd7 18. Nxc4 Nd5 19. bxa6 Nxa6 20. Ng5 Nc5 21. Rab1 h6
22. Qh5 Nd3 23. Nd6+ Bxd6 24. Rxc8+ 1-0

[Event "PRO League Group Stage"]
[Site "chess.com INT"]
[Date "2019.01.08"]
[Round "1"]
[White "Miellier, Yan"]
[Black "Le, Quang Liem"]
[Result "0-1"]
[BlackTitle "GM"]
[WhiteElo "2118"]
[BlackElo "2714"]
[WhiteTeam "Miami Champions"]
[BlackTeam "Webster Windmills"]
[WhiteFideId "14128764"]
[BlackFideId "12401137"]
[EventDate "2019.01.08"]

1. d4 Nf6 2. c4 g6 3. Nc3 d5 4. cxd5 Nxd5 5. g3 Bg7 6. Bg2 Nb6 7. Nf3 Nc6 8. e3
O-O 9. O-O Re8 10. b3 e5 11. dxe5 Nxe5 12. Nxe5 Bxe5 13. Bb2 c6 14. Qe2 Qe7 15.
Rad1 a5 16. Ne4 Nd5 17. f4 Bg4 18. Qxg4 Bxb2 19. Qe2 Bg7 20. f5 Rad8 21. Rd3 Qe5
22. g4 Nf6 23. Rxd8 Rxd8 24. Nxf6+ Bxf6 25. fxg6 hxg6 26. Qf3 Rd6 27. g5 Qxg5
28. Kh1 Kg7 29. Bh3 Rd3 30. Re1 Be5 31. Qe4 Rd2 32. Bg2 Rxa2 33. Rf1 Rd2 34. Qf3
Qe7 35. Qg4 Rd3 36. h4 Rxe3 37. h5 Rg3 38. Qe4 f5 39. h6+ Kxh6 40. Qc4 Rg4 41.
Qc1+ Kg7 42. Rf3 a4 43. bxa4 Rxa4 44. Bf1 Ra1 45. Qc4 b5 46. Qd3 c5 47. Rh3 c4
48. Qd2 Rxf1+ 49. Kg2 Rf4 50. Qd5 Rd4 51. Qf3 Qg5+ 52. Kh1 Qc1+ 53. Kg2 Rd2+ 54.
Qf2 Rxf2+ 55. Kxf2 b4 56. Ke2 b3 57. Rh4 b2 58. Rh3 Qc2+ 59. Kf3 Qd3+ 60. Kg2
Qe2+ 61. Kh1 b1=R# 0-1

[Event "PRO League Group Stage"]
[Site "chess.com INT"]
[Date "2019.01.08"]
[Round "1"]
[White "Katz, Alexander"]
[Black "Nyzhnyk, Illya"]
[Result "0-1"]
[WhiteTitle "IM"]
[BlackTitle "GM"]
[WhiteElo "2433"]
[BlackElo "2624"]
[WhiteTeam "Miami Champions"]
[BlackTeam "Webster Windmills"]
[WhiteFideId "2039796"]
[BlackFideId "14118084"]
[EventDate "2019.01.08"]

1. e4 c6 2. d4 d5 3. Nc3 dxe4 4. Nxe4 Nf6 5. Nxf6+ exf6 6. Bc4 Bd6 7. Ne2 O-O 8.
h3 Re8 9. O-O Nd7 10. Bf4 Nb6 11. Bb3 Be6 12. Bxe6 Rxe6 13. Qd3 Qc7 14. Bxd6
Qxd6 15. c4 Qe7 16. Ng3 g6 17. Rfd1 Rd8 18. Kf1 f5 19. Re1 f4 20. Ne2 Re8 21. b3
Nc8 22. Qd2 Nd6 23. Nc3 f3 24. gxf3 Qh4 25. Kg2 Rxe1 26. Rxe1 Rxe1 27. Qxe1 Qxd4
28. Qe3 Nf5 29. Qxd4 Nxd4 30. Ne4 f5 31. Nd6 b5 32. c5 b4 33. Kf1 Kg7 34. f4 Kf6
35. Ke1 Ke6 36. Kd2 Kd5 37. Ne8 Ke4 38. Nf6+ Kxf4 39. Nxh7 Ne6 40. Kd3 Kf3 41.
Kc4 a5 42. Nf6 Kxf2 43. Ng8 f4 44. Ne7 f3 45. Nxg6 Ke2 0-1

[Event "PRO League Group Stage"]
[Site "chess.com INT"]
[Date "2019.01.08"]
[Round "1"]
[White "Grabinsky, Joshua"]
[Black "Sethuraman, S.P."]
[Result "1-0"]
[WhiteTitle "CM"]
[BlackTitle "GM"]
[WhiteElo "2078"]
[BlackElo "2665"]
[WhiteTeam "Webster Windmills"]
[BlackTeam "Miami Champions"]
[WhiteFideId "30919754"]
[BlackFideId "5021596"]
[EventDate "2019.01.08"]

1. e4 c5 2. Nf3 e6 3. d4 cxd4 4. Nxd4 Nc6 5. Be3 Nf6 6. Bd3 Be7 7. O-O d6 8. c4
O-O 9. Nc3 Ne5 10. Be2 Bd7 11. Rc1 a6 12. f4 Nc6 13. Qd2 Nxd4 14. Bxd4 Bc6 15.
Bf3 Nd7 16. b3 Rc8 17. Kh1 b6 18. Rfd1 Re8 19. Qf2 Bf8 20. Be3 Ba8 21. Rc2 Qc7
22. Rdc1 Qb8 23. Qe2 Bc6 24. a4 Nc5 25. Rb2 a5 26. Bxc5 dxc5 27. e5 Bxf3 28.
Qxf3 Rcd8 29. Rd1 Rd4 30. Nb5 Rxd1+ 31. Qxd1 Qb7 32. Re2 Be7 33. Nd6 Rd8 34. Rd2
Qc6 35. Nb5 Rxd2 36. Qxd2 Qe4 37. Nc3 Qf5 38. g3 g5 39. Kg1 h5 40. Nd1 Qb1 41.
fxg5 Qxb3 42. g6 fxg6 43. Qd7 Kf7 44. Nf2 Qxc4 45. Qc6 Qd5 46. Qxb6 c4 47. Kf1
Qxe5 48. Qc6 Qd5 49. Qc7 g5 50. Ke2 Kf6 51. Qc8 Kg7 52. Qc7 Kf7 53. h3 Kf6 54.
Qc8 Kg7 55. Qc7 Kf7 56. Qc8 Qe5+ 57. Kf3 c3 58. Kg2 Qd5+ 59. Kf1 Qc5 60. Qh8
Qc4+ 61. Kg2 Qc6+ 62. Kf1 Bf6 63. Qxh5+ Kg7 64. Qd1 c2 65. Qc1 Qc4+ 66. Kg2 Kg6
67. Ng4 Qd5+ 68. Kh2 Qd1 69. Qe3 c1=Q 70. Qe4+ Kg7 71. Qb7+ Kg6 72. Qe4+ Kf7 73.
Qh7+ Bg7 74. Nh6+ 1-0

[Event "PRO League Group Stage"]
[Site "chess.com INT"]
[Date "2019.01.08"]
[Round "1"]
[White "Demchenko, Anton"]
[Black "Barbosa, Oliver"]
[Result "1-0"]
[WhiteTitle "GM"]
[BlackTitle "GM"]
[WhiteElo "2679"]
[BlackElo "2552"]
[WhiteTeam "New York Marshalls"]
[BlackTeam "Montclair Sopranos"]
[WhiteFideId "4160258"]
[BlackFideId "5201640"]
[EventDate "2019.01.08"]

1. e4 c6 2. d4 d5 3. Nd2 dxe4 4. Nxe4 Nd7 5. Nf3 Ngf6 6. Nc3 e6 7. Bd3 c5 8. O-O
Be7 9. Qe2 O-O 10. Rd1 cxd4 11. Nxd4 Nc5 12. Bc4 Qb6 13. a4 a6 14. b3 Re8 15.
Bf4 Qa5 16. Qd2 Bd7 17. Nd5 Qxd2 18. Nxe7+ Rxe7 19. Bxd2 Ree8 20. Nf3 b5 21.
axb5 axb5 22. Be2 Rec8 23. Ne5 Be8 24. f3 Nd5 25. Nd3 Nd7 26. Rxa8 Rxa8 27. Nb4
N7f6 28. Nxd5 Nxd5 29. c4 bxc4 30. bxc4 Ne7 31. Kf2 f6 32. Be3 Rc8 33. Bb6 Kf7
34. Ra1 Rb8 35. Bc5 Nc6 36. Ra2 Rb3 37. Be3 Rb7 38. f4 Nb4 39. Rd2 Bc6 40. Bc5
Na6 41. Bd6 Rd7 42. Rd1 Ba4 43. Rd4 Bc6 44. g3 Rb7 45. Rd2 Nb8 46. Ra2 Bh1 47.
Ra1 Be4 48. Ke3 Bg2 49. Bd3 Nc6 50. Ra2 Bh1 51. h4 h5 52. Ra8 Ne7 53. Bxe7 Rxe7
54. Rh8 e5 55. Rxh5 exf4+ 56. Kxf4 Rd7 57. Ke3 Re7+ 58. Kd4 Re1 59. Rb5 Rg1 60.
Rb1 Rxb1 61. Bxb1 Bf3 62. Be4 Bg4 63. c5 Ke6 64. Bd5+ Kd7 65. Ke4 Ke7 66. Kf4
Be2 67. Kf5 Bh5 68. Ke4 Bg6+ 69. Kd4 Bh5 70. Be4 Bg4 71. Bd3 Bf3 72. Be4 Bg4 73.
Bb7 Kd7 74. Ba6 Ke7 75. Bd3 Bf3 76. Bf5 Bg2 77. Kc4 Kd8 78. Kb5 Kc7 79. Kb4 Kc6
80. Kc4 Kc7 81. Kd4 Bf3 82. Be4 Bg4 83. Ke3 Kd7 84. Kf4 Bh5 85. g4 Bf7 86. g5
Ke7 87. Bf5 Bd5 88. Be4 Be6 89. Ke3 Kd7 90. Kd4 Bg4 91. Bg6 Ke7 92. Bc2 Bf3 93.
Bb3 Bg4 94. Bd5 Bf5 95. Be4 Bg4 96. Bg6 Bf3 97. Bf5 Be2 98. Kd5 Bf3+ 99. Be4 Be2
100. c6 fxg5 101. hxg5 Bb5 102. Bf5 Ba6 103. c7 Bb7+ 104. Ke5 Kf7 105. c8=Q Bxc8
106. Bxc8 Kg6 107. Kf4 Kh7 108. Bf5+ Kg8 109. Ke5 Kh8 110. Be4 Kg8 111. Ke6 Kh8
112. Bf3 Kg8 113. Ke7 Kh7 114. Kf7 Kh8 115. Kg6 Kg8 116. Be2 Kh8 117. Kh5 Kg8
118. Bc4+ Kh8 119. Bb3 Kh7 120. Bf7 Kh8 121. Be6 Kh7 122. Bf5+ Kh8 123. Bg6 Kg8
124. Kg4 Kh8 125. Kf5 Kg8 126. Ke6 Kh8 127. Ke7 Kg8 128. Bh5 Kh8 129. Be8 Kh7
130. Ke6 Kh8 131. Kf5 Kg8 132. Bd7 Kh8 133. Be6 Kh7 134. Ke5 Kh8 135. Bf5 Kg8
136. Ke6 Kh8 137. Ke7 Kg8 138. Ke8 Kh8 139. Kf8 g6 140. Bg4 Kh7 141. Kf7 Kh8
142. Kxg6 Kg8 143. Kf6 1-0

[Event "PRO League Group Stage"]
[Site "chess.com INT"]
[Date "2019.01.08"]
[Round "1"]
[White "Azarov, Sergei"]
[Black "Yip, Carissa"]
[Result "1-0"]
[WhiteTitle "GM"]
[BlackTitle "FM"]
[WhiteElo "2575"]
[BlackElo "2279"]
[WhiteTeam "New York Marshalls"]
[BlackTeam "Montclair Sopranos"]
[WhiteFideId "13501470"]
[BlackFideId "2090732"]
[EventDate "2019.01.08"]

1. e4 c5 2. Nf3 d6 3. d4 cxd4 4. Nxd4 Nf6 5. Nc3 g6 6. Be3 Bg7 7. f3 O-O 8. Qd2
Nc6 9. O-O-O d5 10. exd5 Nxd5 11. Nxc6 bxc6 12. Bd4 e5 13. Bc5 Be6 14. Ne4 Re8
15. h4 h6 16. g4 Qc7 17. h5 g5 18. Bc4 Red8 19. Qf2 Rab8 20. b3 Qa5 21. a4 Nc3
22. Rxd8+ Rxd8 23. Bxe6 fxe6 24. Ba3 Bf8 25. Bb2 Nxe4 26. fxe4 Be7 27. Qg3 Qd2+
28. Kb1 Qf4 29. Qc3 Qxe4 30. Re1 Qf4 31. Qxc6 Qxg4 32. Ka2 Bf6 33. Qc7 Rd1 34.
Qb8+ 1-0

[Event "PRO League Group Stage"]
[Site "chess.com INT"]
[Date "2019.01.08"]
[Round "1"]
[White "Lenderman, Aleksandr"]
[Black "Khamrakulov, Djurabek"]
[Result "0-1"]
[WhiteTitle "GM"]
[BlackTitle "GM"]
[WhiteElo "2637"]
[BlackElo "2503"]
[WhiteTeam "Montclair Sopranos"]
[BlackTeam "New York Marshalls"]
[WhiteFideId "2021285"]
[BlackFideId "14201143"]
[EventDate "2019.01.08"]

1. Nf3 Nf6 2. c4 e6 3. Nc3 d5 4. e3 Be7 5. b3 O-O 6. Bb2 Nbd7 7. cxd5 exd5 8. d4
c6 9. Qc2 Bd6 10. Bd3 Re8 11. O-O Qe7 12. Nd2 Nf8 13. Rae1 Ng4 14. Nf3 Qc7 15.
h3 Nf6 16. Ne5 N6d7 17. f4 f6 18. Nf3 Nb6 19. Re2 Bd7 20. a4 a5 21. Bc1 Re7 22.
Bd2 Rae8 23. Qc1 Bb4 24. Na2 Bxd2 25. Qxd2 Nc8 26. Nc3 Nd6 27. Qc2 Qb6 28. Rfe1
g6 29. e4 Ne6 30. exd5 Nxd4 31. Nxd4 Qxd4+ 32. Kh1 Rxe2 33. Nxe2 Qxd5 34. Rd1
Bf5 35. Ng3 Bxd3 36. Rxd3 Qe6 37. Kh2 Nf5 38. Nxf5 Qxf5 39. Qc4+ Kf8 40. Rd6 Kg7
41. g4 Qb1 42. Rd7+ Kh8 43. Rxh7+ Kxh7 44. Qf7+ Kh6 45. Qxe8 Qc2+ 46. Kg1 Qc1+
47. Kg2 Qxf4 48. Qf8+ Kg5 49. Qc5+ Kh4 50. Qc3 Qe4+ 51. Kf2 Qe5 52. Qc4 Qg3+ 53.
Ke2 Kxh3 54. Qf7 Qxg4+ 55. Kf2 Qd4+ 56. Kf1 Qd3+ 57. Kf2 Qc2+ 58. Kf3 Qd3+ 59.
Kf2 b5 60. Qc7 Qf5+ 61. Kg1 Qg5+ 62. Kf2 Qg2+ 63. Ke1 Qg3+ 0-1